Nguyên lý các hệ cơ sở dữ liệu và cơ sở tri thức
Sách đề cập đến các khái niệm cơ bản của CSDL và cơ sở tri thức; các mô hình dữ liệu; mô hình dữ liệu vật lý; và một số ngôn ngữ vấn tin tiêu biểu cho mỗi mô hình
Đã lưu trong:
| 主要作者: | |
|---|---|
| 格式: | 圖書 |
| 語言: | Undetermined |
| 出版: |
Hà Nội
Thống Kê
1998
|
| 主題: | |
| 標簽: |
添加標簽
沒有標簽, 成為第一個標記此記錄!
|
| Thư viện lưu trữ: | Trung tâm Học liệu Trường Đại học Cần Thơ |
|---|
| LEADER | 00923nam a2200181Ia 4500 | ||
|---|---|---|---|
| 001 | CTU_35571 | ||
| 008 | 210402s9999 xx 000 0 und d | ||
| 082 | |a 005.74 | ||
| 082 | |b U42/T.2 | ||
| 100 | |a Ullman, Jeffrey D. | ||
| 245 | 0 | |a Nguyên lý các hệ cơ sở dữ liệu và cơ sở tri thức | |
| 245 | 0 | |c Jeffrey D. Ullman ; Người dịch: Trần Đức Quang | |
| 260 | |a Hà Nội | ||
| 260 | |b Thống Kê | ||
| 260 | |c 1998 | ||
| 520 | |a Sách đề cập đến các khái niệm cơ bản của CSDL và cơ sở tri thức; các mô hình dữ liệu; mô hình dữ liệu vật lý; và một số ngôn ngữ vấn tin tiêu biểu cho mỗi mô hình | ||
| 650 | |a Cấu trúc dữ liệu (khoa học máy tính),Data structures (computer science) | ||
| 980 | |a Trung tâm Học liệu Trường Đại học Cần Thơ | ||